00647nam a2200241 a 4500001001300000003000900013005001700022008004100039020001000080082001500090100001300105245001800118260004700136300000800183500003500191505002400226650001600250700001300266902000800279942000700287952009600294999001500390nice12345678IN_TiNIC20260116012359.0050524s1914 mada grp 000 0 eng  ac10000a239.9bTAK aTakle, J aStraight Path aMadrasbChristian Literature Societyc1914 a87p aincludes index and biblioraphy2 aIndex, Bibliography aApologetics1 aTakle, J bSRS cBK 00104070aHMIbHMId2007-06-28g100.00l0o239.9 TAKp11258r2007-06-28w2026-01-16yARB c6785d6785